000 00446nam a22001337a 4500
003 SGT
020 _a9789385390616
082 _a200
_bG22K
100 _aकोठरी, गुलाब
245 _aगीता विज्ञानं उपनिषद : शरीर ब्रह्माण्ड का प्रतिबिम्ब
260 _bपत्रिका प्रकाशन
_c2022
300 _a805
942 _2ddc
_cBK
999 _c31745
_d31745